Essentials of nursing research : (Record no. 3632)

MARC details
000 -LEADER
fixed length control field 00765nam a22002177a 4500
003 - CONTROL NUMBER IDENTIFIER
control field OSt
005 - DATE AND TIME OF LATEST TRANSACTION
control field 20250711092959.0
008 - FIXED-LENGTH DATA ELEMENTS--GENERAL INFORMATION
fixed length control field 250711b |||||||| |||| 00| 0 eng d
040 ## - CATALOGING SOURCE
Original cataloging agency DWC-Main Lib
Transcribing agency OC
082 ## - DEWEY DECIMAL CLASSIFICATION NUMBER
Classification number Circ. 610.730 P769e 2022
100 ## - MAIN ENTRY--PERSONAL NAME
Personal name Polit, Denise F.
245 ## - TITLE STATEMENT
Title Essentials of nursing research :
Remainder of title appraising evidence for nursing practice
Statement of responsibility, etc. Denise F. Polit & Cheryl Jatano Beck
250 ## - EDITION STATEMENT
Edition statement Tenth Edition
260 ## - PUBLICATION, DISTRIBUTION, ETC.
Place of publication, distribution, etc. Philadelphia:
Name of publisher, distributor, etc. Wolters Kluwer,
Date of publication, distribution, etc. c2022.
300 ## - PHYSICAL DESCRIPTION
Extent xx, 425 pages:
Other physical details illustration;
Dimensions 26cm.
504 ## - BIBLIOGRAPHY, ETC. NOTE
Bibliography, etc. note Includes glossary and index.
650 ## - SUBJECT ADDED ENTRY--TOPICAL TERM
Topical term or geographic name entry element 1. Nursing--Research
650 ## - SUBJECT ADDED ENTRY--TOPICAL TERM
Topical term or geographic name entry element 2. Nursing--Research--Methodology
650 ## - SUBJECT ADDED ENTRY--TOPICAL TERM
Topical term or geographic name entry element 3. Nursing-Research--Methodology
942 ## - ADDED ENTRY ELEMENTS (KOHA)
Source of classification or shelving scheme Dewey Decimal Classification
Koha item type Book Circulation
Edition Tenth Edition
Call number prefix Circ.
Suppress in OPAC No
952 ## - LOCATION AND ITEM INFORMATION (KOHA)
--
952 ## - LOCATION AND ITEM INFORMATION (KOHA)
--
Holdings
Withdrawn status Lost status Source of classification or shelving scheme Damaged status Not for loan Home library Current library Shelving location Date acquired Source of acquisition Cost, normal purchase price Total Checkouts Full call number Barcode Date last seen Copy number Price effective from Koha item type Uniform Resource Identifier
    Dewey Decimal Classification     HM & Nursing Library HM & Nursing Library Circulation 01/23/2025 School Fund 935.00   Circ. 610.730 P769e 2022 54319 07/11/2025 c1 07/11/2025 BK-CIRC
    Dewey Decimal Classification     HM & Nursing Library HM & Nursing Library Circulation 03/23/2023 School Fund 935.00   Circ. 610.730 P769e 2022 53699 07/11/2025 c2 07/11/2025 BK-CIRC